000 00598nam a2200241 a 4500
001 nice12345678
003 IN_TiNIC
005 20260116011933.0
008 050524s1974 dela grp 000 0 eng
020 _a
_c100
082 0 0 _a297.2
_bMAU1
100 _aMaududi, S Abul Ala
245 _aRoad to Peace and Salvation
260 _aDelhi
_bMarkazi Maktaba Islami
_c1974
300 _a30p
500 _aincludes index and biblioraphy
505 2 _aBibliography, index
650 _aIslam-Doctrines
700 1 _aMaududi, S Abul Ala
902 _bSRS
942 _cBK
999 _c4968
_d4968